000 00777cam a2200205 i 4500
005 20260420092801.0
008 250721s2006 jo gr 000 0 ara d
020 _a
082 1 4 _a415.1
_bد ز ه
100 1 _aدزه يي، دلخوش جار الله حسين
_eمؤلف.
245 1 2 _aالبحث الدلالي في كتاب سيبويه /
_cد. دلخوش جار الله حسين دزه يي .
250 _aالطبعة الاولى.
264 3 1 _aعمان :
_bدار دجلة ناشرون وموزعون،
_bالمعتز للنشر والتوزيع.
_c2006.
300 _a481 صفحة.
650 1 7 _aقواعد اللغة.
650 1 7 _aاللغة العربية.
650 1 7 _aالأبحاث.
942 _2ddc
_cBK
999 _c100416
_d100416